| 000 | 00388nam a22001577a 4500 | ||
|---|---|---|---|
| 999 |
_c10995 _d10995 |
||
| 003 | OSt | ||
| 008 | 210814b ||||| |||| 00| 0 eng d | ||
| 020 | _a9788190307864 | ||
| 082 |
_a491.7 _bKAA |
||
| 100 | G | _aKAPOOR, Dinesh Chander | |
| 245 | _aRussian in Two Months | ||
| 260 |
_aAmritsar _bAjanta School of Foreign Languages |
||
| 300 | _a296 | ||
| 650 | _aLanguage | ||
| 942 |
_2ddc _cBK |
||